书目信息 |
| 题名: |
环境伦理学进展:评论与阐释
|
|
| 作者: | 徐嵩龄 主编 | |
| 分册: | ||
| 出版信息: | 上海 上海财经大学出版社 1999.05 |
|
| 页数: | 480页 | |
| 开本: | 32开 | |
| 丛书名: | ||
| 单 册: | ||
| 中图分类: | B82 | |
| 科图分类: | ||
| 主题词: | 伦理学 | |
| 电子资源: | ||
| ISBN: | 7-81049-130-X | |
| 000 | 00581nam0 2200193 45 | |
| 001 | 0010211665 | |
| 005 | 20001021162923.8 | |
| 010 | @a7-81049-130-X@d25.80元 | |
| 100 | @a20001021d1999 km y0chiy0120 ea | |
| 101 | 0 | @achi |
| 105 | @a z 000yy | |
| 200 | 1 | @a环境伦理学进展:评论与阐释@AHuan Jing Lun Li Xue Jin Zhan:Ping Lun Yu Chan Shi@f徐嵩龄主编@FXu Song Ling Zhu Bian |
| 210 | @a上海@c上海财经大学出版社@d1999.05 | |
| 215 | @a480页@d32开 | |
| 606 | 0 | @a伦理学 |
| 690 | @aB82@v3 | |
| 701 | 0 | @a徐嵩龄@4主编 |
| 801 | @aCN@bPftUser@c20001021 | |
| 905 | @b180856-860@dB82@eX445@f5 | |
| 环境伦理学进展:评论与阐释/徐嵩龄主编.-上海:上海财经大学出版社,1999.05 |
| 480页;32开 |
| ISBN 7-81049-130-X:25.80元 |
| ● |
| 相关链接 |
|
|
|
正题名:环境伦理学进展:评论与阐释
索取号:B82/X445
 
预约/预借
| 序号 | 登录号 | 条形码 | 馆藏地/架位号 | 状态 | 备注 |
| 1 | 180856 | 201808561 | 社科库509/509社科库 21排1列1层/ [索取号:B82/X445] | 在馆 | |
| 2 | 180857 | 201808570 | 社科库509/509社科库 21排1列1层/ [索取号:B82/X445] | 在馆 | |
| 3 | 180858 | 201808589 | 社科库509/422社科库 45排1列4层/ [索取号:B82/X445] | 在馆 | |
| 4 | 180859 | 201808598 | 社科库509/422社科库 45排1列4层/ [索取号:B82/X445] | 在馆 | |
| 5 | 180860 | 201808605 | 社科库509/409社科库 10排2列4层/ [索取号:B82/X445] | 在馆 |